[Event "Barcelona Tres Peons op"]
[White "Casellas Boix, Josep"]
[Black "Prat Llables, Joan"]
[Site "Barcelona"]
[Round "1"]
[Result "0-1"]
[Date "1999.??.??"]
[WhiteElo "1955"]
[BlackElo "2145"]
[PlyCount "60"]
[EventDate "1999.??.??"]
[EventType "swiss"]
[EventRounds "9"]
[EventCountry "ESP"]
[SourceTitle "EXT 2000"]
[Source "ChessBase"]
[SourceDate "1999.11.16"]
[SourceVersion "1"]
[SourceVersionDate "1999.11.16"]
[SourceQuality "1"]

1. c4 Nf6 2. Nc3 g6 3. g3 Bg7 4. Bg2 0-0 5. d3 d6 6. e4 e5 7. Nge2 c6 8. 0-0 Qe7 9. Rb1 a5 10. a3 Nh5 11. b4 axb4 12. Rxb4 Na6 13. Rb6 f5 14. exf5 gxf5 15. a4 f4 16. f3 Nc5 17. g4 Nf6 18. Ba3 Nfd7 19. Bxc5 Nxc5 20. Qc2 h5 21. gxh5 Kh8 22. Re1 Qh4 23. Rd1 Rf5 24. Ne4 Rxh5 25. Nxc5 Qxh2+ 26. Kf1 dxc5 27. d4 cxd4 28. Qg6 Bf5 29. Qf7 Rg5 30. Rxb7 Rxg2 0-1

[Event "Gent Gran-ch"]
[White "Casellas Boix, Josep"]
[Black "Saumell Farres, Joan S"]
[Site "Gent Gran"]
[Round "5"]
[Result "1-0"]
[Date "1996.??.??"]
[WhiteElo "1995"]
[BlackElo "1800"]
[PlyCount "123"]
[EventDate "1996.??.??"]
[EventType "swiss"]
[EventRounds "9"]
[EventCountry "ESP"]
[SourceTitle "EXT 2003"]
[Source "ChessBase"]
[SourceDate "2002.11.25"]
[SourceVersion "1"]
[SourceVersionDate "2002.11.25"]
[SourceQuality "1"]

1. c4 e5 2. Nc3 Nf6 3. e4 c5 4. d3 Nc6 5. Nge2 d6 6. Rb1 Bd7 7. a3 a5 8. g3 Be7 9. Bg2 0-0 10. 0-0 Ne8 11. f4 f6 12. f5 Qc8 13. Nd5 Bd8 14. g4 Nd4 15. Nxd4 cxd4 16. b4 b5 17. cxb5 Bxb5 18. bxa5 Rxa5 19. Qb3 Kh8 20. Bd2 Ba4 21. Qb2 Rb5 22. Bb4 Qc2 23. Rf3 Qxb2 24. Rxb2 Nc7 25. Nxc7 Bxc7 26. Rf1 Ba5 27. Rfb1 Rfb8 28. Bf1 h6 29. Kf2 Rc8 30. Be2 Bxb4 31. axb4 Rc3 32. Bd1 Bxd1 33. Rxd1 Rb6 34. Ke2 Ra3 35. Kd2 Ra4 36. Rdb1 Ra3 37. b5 Kh7 38. h4 Rc3 39. Rc1 Rc5 40. Rxc5 dxc5 41. Kc2 Kg8 42. Rb3 Kf8 43. Kb2 Ke7 44. Ka3 Kd7 45. Ka4 Kc7 46. Ka5 Rb8 47. b6+ Kc6 48. b7 Rxb7 49. Rxb7 Kxb7 50. Kb5 Kc7 51. Kxc5 Kd7 52. Kd5 Ke7 53. Kc6 Ke8 54. Kd6 Kd8 55. Ke6 Ke8 56. g5 fxg5 57. hxg5 hxg5 58. Kxe5 Ke7 59. Kxd4 Kf6 60. Ke3 g6 61. fxg6 Kxg6 62. Kf3 1-0